000 00901cab a2200253 4500
001 ABS55996
008 090401t1996 xxu||||| |||| 00| 0 eng d
035 _a(Sirsi) u20326
041 _aeng
100 _aBrett, M.
245 _aValuations: working to different standards
260 _c1996
350 _a0
490 _aEstates Gazette
_v(9643) 26 October 1996, 74-75(2)
520 _aLooks into the Accounting Standards Board`s new proposals set out in: "Management of tangible fixed assets" which is concerned with the values at which all forms of fixed assets are carried in company accounts, with the focus on property.
650 _aACCOUNTING STANDARDS BOARD
650 _aASSET VALUATION
650 _aDEPRECIATION
650 _aFIXED ASSETS
650 _aNON-SPECIALISED PROPERTY
690 _aPROPERTY-PROPERTY FINANCE AND INVESTMENT
942 _n0
948 _c04/03/1997
999 _c13618
_d13618